000
00238nam a22000857a 4500
008
160706b xxu||||| |||| 00| 0 eng d
100
_9
2298
_a
Kohli, D
245
_a
The Parcel for the Postmaster
260
_a
New Delhi
_b
National Book Trust
_c
1994
999
_c
1979
_d
1979